000 00362nam a22001577a 4500
003 SGT
020 _a978-93-325-3651-7
082 _a001.42
_bR15C
100 _aCHRISTENSEN, LARRY B.
245 _aRESEARCH METHODS DESIGN AND ANALYSIS
250 _a11TH
260 _aINDIA
_bPEARSON
_c2015
300 _a546
650 _aPSYCHOLOGY
942 _2ddc
_cBK
_016
999 _c10669
_d10669